000 01662nam a2200409 c 4500
999 _c330201
_d330201
003 BLK
005 20230620102730.0
008 180408b bul|||||r ||||||| ||bul||
010 _aKNG00076505000
020 _a978-954-28-2838-9
040 _aBLK
041 _aBUL
_cBUL
080 _aПолитика. Вж и 341 ; 342
_b32
_x(470)(092)
_z32(470)(092)
080 _aРуски политик, президент на Русия
_b929 Путин, Владимир Владимирович
_z929 Путин, Владимир Владимирович
100 1 _aПолитковская, Анна Степановна
_eпърви автор
_9111408
139 _aПолитковская, Анна Степанова
_bП 69
245 1 0 _aНищо друго освен истината
_cАнна Степановна Политковская; прев. Ангелина Александрова
_bИзбрани статии
257 _aRUS
260 _bСиела Норма
_c2019
_9217021
_aСофия
300 _a472 с.
_c20 см
380 _a3
650 4 _aРусия - политика
_9245505
650 4 _aПолитици, руски
_9256327
650 4 _aПрезиденти - Русия
_9266341
651 7 _aРусия
_9179465
651 7 _aЕвропа
_9178861
653 _aполитика
653 _aполитици
700 _aАлександрова, Ангелина
_eпрев.
_9344492
852 _bП
_cП 323(4)/П 69
856 4 _qpdf
856 4 _qpdf
942 _cKNG
_n0
_015
944 _aCR
_c26.07.2007
_kЛюдмила_Стоянова
944 _aED
_c06.08.2008
999 _d72132